000 00617nam a2200241Ia 4500
003 OSt
005 20221007064340.0
006 a|||||r|||| 00| 0
007 ta
008 221006b |||||||| |||| 00| 0 eng d
024 _a22,336
037 _cTextual
040 _aFLL
_cFLL
_beng
041 _2eng
_aeng
082 _aZ2,801, P0
100 _aBakshi P. M.
_9402428
245 0 _aCode of civil procedure
250 _a13th
260 _aDelhi
_bButterworths India India
_c2000
300 _accv,1656p
_ccm.
942 _hZ2,801, P0
_cTEXL
_2CC
999 _c1133786
_d1133786